La Moneda catalana local (s. XIII-XVIII) / M. Crusafont i Sabater ; amb un pròleg de Josep Fontana
Publicado:
Barcelona :
Societat Catalana d'Estudis Numismàtics, filial de l'Institut d' Estudis Catalans : Diputació de Barcelona ,
1990
Descripción Física:
483 p. : il. ; 28 cm
MARC
| LEADER | 00000nam a2200000Ia 4500 | ||
|---|---|---|---|
| 001 | 9558 | ||
| 008 | 160829s1990 xx 000 0 cat d | ||
| 080 | |a B-1-65 | ||
| 100 | |a Crusafont i Sabater, Miquel |9 26082 | ||
| 245 | |a La Moneda catalana local (s. XIII-XVIII) / M. Crusafont i Sabater ; amb un pròleg de Josep Fontana | ||
| 260 | |a Barcelona : |b Societat Catalana d'Estudis Numismàtics, filial de l'Institut d' Estudis Catalans : |b Diputació de Barcelona, |c 1990 | ||
| 300 | |a 483 p. : |b il. ; |c 28 cm | ||
| 650 | |a Numismàtica |x Catalunya |x S. XIII/XVIII |9 26083 | ||
| 700 | |a Fontana, Josep |9 37763 | ||
| 700 | |a Societat Catalana d'Estudis Numismàtics |9 26085 | ||
| 710 | 2 | |a Institut d'Estudis Catalans |9 52284 | |
| 901 | |a Arxiu | ||
| 942 | |n 1 | ||
| 952 | |0 0 |1 0 |4 0 |6 B165 |7 1 |9 43876 |a Arxiu |b Arxiu |d 2016-12-01 |l 0 |o B-1-65 |p 9558 |r 2016-12-01 00:00:00 |w 2016-12-01 |y ARXIU | ||
| 999 | |c 46456 |d 46456 | ||